Pimpones de Color : Regalos y fechas especiales / Elsa Rodriguez (Registro nro. 48097)
[ vista simple ]
| 000 -LÍDER | |
|---|---|
| Campo fijo de descripción fija | 003040000a22001210004500 |
| 020 ## - NÚMERO INTERNACIONAL NORMALIZADO PARA LIBROS | |
| Número Internacional Normalizado del libro | 958-677-166-0 |
| 001 - NÚMERO DE CONTROL | |
| Campo de control | 908 |
| 100 1# - ASIENTO PRINCIPAL--NOMBRE PERSONAL | |
| Nombre personal | Rodriguez, Elsa |
| 245 10 - TÍTULO | |
| Título del Material | Pimpones de Color : Regalos y fechas especiales / Elsa Rodriguez |
| 260 ## - PUBLICACIÓN, DISTRIBUCIÓN, ETC. (PIE DE IMPRENTA) | |
| Lugar de publicación, distribución, etc. | Bogotá : Zamora |
| 300 ## - DESCRIPCIÓN FÍSICA | |
| Extensión | 78 P. |
No hay ítems disponibles.
